Datum a čas kvízu
35
Celkem bodů
Celkový počet nahraných bodů na tomto kvízu bez doplňovacích otázek.
5.
Pořadí na kvízu
Konečné umístění týmu na tomto kvízu.
Zaznamenané odpovědi
| # | Otázka | Odpověď | Body | Výsledky |
|---|---|---|---|---|
| 1. | V sobotu byla pro návštěvníky... | Bohumil Hrabal, Kersko | 0 | |
| 2. | Do jedné vesnické školy zapsal... | ve Francii | 0 | |
| 3. | Jeden z 28 evropských koncertů... | Thirty Seconds to Mars (30 Seconds to Mars) | 1 | |
| 4. | Podnikatel Jan Čermák minulý t... | TV Barrandov | 1 | |
| 5. | Sudí Jan Smit dostal v nejmeno... | v Nizozemsku | 1 | |
| 6. | Bájného českého knížete Kroka,... | Krakov | 1 | |
| 7. | K Janu Žižkovi se váže jistá p... | C | 1 | |
| 8. | Před kněžnou Libuší stanuli dv... | A | 1 | |
| 9. | O hřbitovním kostele sv. Maří... | Svatební košile | 1 | |
| 10. | Pokud dokážete určit, co tento... | Stadice | 0 |